[Event "Tournoi francophone 009 Groupe C"]
[Site "Skype"]
[Date "????.??.??"]
[Round "7.3"]
[White "Khabou, Taha"]
[Black "Hargez, Dany"]
[Result "1-0"]
[WhiteElo "1344"]
[BlackElo "1277"]
[PlyCount "83"]

1. e4 e5 2. Nf3 d6 3. Bc4 Be6 4. Bxe6 fxe6 5. d4 Nc6 6. dxe5 dxe5 7. Qxd8+ Rxd8
8. O-O Nd4 9. Nxd4 exd4 10. Nd2 e5 11. Nf3 Bd6 12. Ng5 Rd7 13. f4 Nf6 14. fxe5
Bxe5 15. Nf3 Re7 16. Nxe5 Rxe5 17. Bf4 Rxe4 18. Bxc7 O-O 19. Ba5 Rfe8 20. Rad1
h6 21. Rf2 b6 22. Bb4 a5 23. Ba3 R8e5 24. b3 b5 25. Bb2 Rd5 26. Rfd2 Rde5 27.
Bxd4 Re1+ 28. Kf2 Ng4+ 29. Kg3 R5e4 30. Rxe1 Rxe1 31. Kxg4 Re4+ 32. Kf3 Re6 33.
Re2 Kf7 34. Rxe6 Kxe6 35. Bxg7 h5 36. Ke4 Kf7 37. Bb2 h4 38. Kd5 Kg6 39. Kc5 b4
40. Kb5 Kf5 41. Kxa5 Ke4 42. Bc1 1-0

[Event "Tournoi francophone 009 Groupe C"]
[Site "Skype"]
[Date "????.??.??"]
[Round "7.4"]
[White "Maccaferri, Massimo"]
[Black "Amato, Ludovica"]
[Result "0-1"]
[WhiteElo "1248"]
[BlackElo "1289"]
[PlyCount "64"]

1. e4 e5 2. d3 Nf6 3. Nc3 Nc6 4. f4 d5 5. exd5 Nxd5 6. fxe5 Nxe5 7. Qe2 Qd6 8.
d4 Nxc3 9. bxc3 f6 10. Bf4 Qa3 11. dxe5 Qxc3+ 12. Kf2 Qxa1 13. exf6+ Kd8 14. f7
Bc5+ 15. Be3 Bxe3+ 16. Qxe3 Qxa2 17. Qd4+ Ke7 18. Qc5+ Kxf7 19. Qxc7+ Kf6 20.
Qc3+ Kg6 21. Bd3+ Bf5 22. Nf3 Bxd3 23. Ne5+ Kh6 24. Nxd3 Rhf8+ 25. Kg3 Rac8 26.
Qd2+ g5 27. h4 Qd5 28. hxg5+ Kg7 29. g6 Qd6+ 30. Kg4 Qxg6+ 31. Qg5 Rc4+ 32. Nf4
Rfxf4+ 0-1

[Event "Tournoi francophone 009 Groupe C"]
[Site "Skype"]
[Date "????.??.??"]
[Round "7.5"]
[White "Guillaume, Mickael"]
[Black "Fouquereau, Andre"]
[Result "1-0"]
[WhiteElo "1366"]
[BlackElo "1419"]
[PlyCount "39"]

1. e4 e5 2. Nf3 d6 3. Bc4 h6 4. O-O Nf6 5. Nc3 c6 6. d4 exd4 7. Nxd4 Be7 8. Re1
O-O 9. Bf4 Bg4 10. f3 Bh5 11. Nf5 Nxe4 12. Rxe4 Re8 13. Bxd6 Qb6+ 14. Kf1 Bg6
15. Nxe7+ Kh7 16. Nxg6 Rxe4 17. Nxe4 Kxg6 18. b4 Nd7 19. Qd3 f5 20. Ng3 1-0

[Event "Tournoi francophone 009 Groupe C"]
[Site "Skype"]
[Date "????.??.??"]
[Round "8.2"]
[White "Amato, Ludovica"]
[Black "Guillaume, Mickael"]
[Result "0-1"]
[WhiteElo "1289"]
[BlackElo "1366"]
[PlyCount "27"]

1. e4 e5 2. Nf3 Nc6 3. Bc4 Bc5 4. c3 Nf6 5. d3 d5 6. exd5 Nxd5 7. Qb3 O-O 8.
Bxd5 Na5 9. Qb5 Qxd5 10. Qxa5 Bxf2+ 11. Kxf2 Qxa5 12. Re1 f6 13. Bd2 Qb6+ 14.
Kf1 0-1

[Event "Tournoi francophone 009 Groupe C"]
[Site "Skype"]
[Date "????.??.??"]
[Round "8.3"]
[White "Hargez, Dany"]
[Black "Maccaferri, Massimo"]
[Result "1-0"]
[WhiteElo "1277"]
[BlackElo "1248"]
[PlyCount "71"]

1. e4 b6 2. d4 Ba6 3. Bxa6 Nxa6 4. Nf3 Nf6 5. Nc3 e6 6. Bg5 Be7 7. Bxf6 gxf6 8.
a3 c5 9. d5 Qc8 10. d6 Bf8 11. e5 fxe5 12. O-O Bg7 13. Re1 Qb7 14. Ne4 O-O-O
15. c4 f5 16. Nc3 Rhg8 17. b4 e4 18. Re3 Bxc3 19. Rxc3 exf3 20. Rxf3 f4 21. b5
Nb8 22. a4 e5 23. a5 e4 24. Rxf4 e3 25. f3 Rde8 26. Qe2 h5 27. h4 Rg3 28. a6
Qa8 29. Ra3 Reg8 30. Qxe3 Rxg2+ 31. Kf1 Rg1+ 32. Ke2 R8g2+ 33. Kd3 Rd1+ 34. Kc3
Rg8 35. Qe7 Re8 36. Qxe8# 1-0

[Event "Tournoi francophone 009 Groupe C"]
[Site "Skype"]
[Date "????.??.??"]
[Round "8.4"]
[White "Pouteau, Pascal"]
[Black "Khabou, Taha"]
[Result "1-0"]
[WhiteElo "1470"]
[BlackElo "1344"]
[PlyCount "81"]

1. d4 d5 2. c4 e5 3. dxe5 d4 4. Nf3 Nc6 5. Bf4 Nge7 6. Nbd2 Ng6 7. Bg3 Be6 8.
Qb3 Be7 9. Qxb7 Nb4 10. Rc1 a6 11. Qe4 Nxa2 12. Ra1 Nb4 13. Nxd4 Qxd4 14. Qxa8+
Kd7 15. Qe4 Qxb2 16. Rb1 Qc3 17. e3 Nc2+ 18. Kd1 Na3 19. Rc1 Qb2 20. Qd4+ Qxd4
21. exd4 Rb8 22. Bd3 Bg5 23. Bxg6 hxg6 24. f4 Be7 25. Ke2 Rb2 26. Ke3 Bc5 27.
dxc5 Nc2+ 28. Kd3 Bf5+ 29. Kc3 Ra2 30. Bf2 Ra3+ 31. Kb2 Ra4 32. Rxc2 Rb4+ 33.
Kc3 Ra4 34. Rb2 Ra3+ 35. Kb4 Rd3 36. Rhb1 Kc6 37. Ra1 Kb7 38. Ka5+ Ka7 39. c6+
Ka8 40. Kb4 Rd5 41. cxd5 1-0

[Event "Tournoi francophone 009 Groupe C"]
[Site "Skype"]
[Date "????.??.??"]
[Round "8.5"]
[White "Couto, Januario"]
[Black "Vincent, Andre"]
[Result "1/2-1/2"]
[WhiteElo "1441"]
[BlackElo "1330"]
[PlyCount "55"]

1. e4 c5 2. d4 cxd4 3. c3 dxc3 4. Nxc3 e6 5. Bc4 Bb4 6. Nge2 Qc7 7. Bb3 Nf6 8.
O-O O-O 9. Bf4 d6 10. Rc1 Bxc3 11. Nxc3 Qd7 12. Bxd6 Rd8 13. Bg3 Nc6 14. Nb5
Nxe4 15. Bc7 Qxd1 16. Rfxd1 Rd2 17. Rxd2 Nxd2 18. Rd1 Nxb3 19. axb3 g6 20. Bg3
Kg7 21. Nc7 Rb8 22. Ne8+ Kf8 23. Bxb8 Kxe8 24. Bg3 a6 25. f3 Nb4 26. Bd6 Nd5
27. Bc5 Kd7 28. Bd4 1/2-1/2

[Event "Tournoi francophone 009 Groupe C"]
[Site "Skype"]
[Date "????.??.??"]
[Round "9.1"]
[White "Vincent, Andre"]
[Black "Bustos, Ricardo"]
[Result "1/2-1/2"]
[WhiteElo "1330"]
[BlackElo "1232"]
[PlyCount "58"]

1. e4 c5 2. Nf3 d6 3. d4 cxd4 4. Nxd4 Nf6 5. Nc3 a6 6. Be2 b5 7. a3 e6 8. Bg5
Be7 9. O-O O-O 10. Re1 Bb7 11. Bf3 Nc6 12. Nxc6 Bxc6 13. Qe2 e5 14. Rad1 Qc7
15. Qd2 Rad8 16. Bxf6 Bxf6 17. Nd5 Bxd5 18. exd5 Rfe8 19. Be4 Qe7 20. Qd3 g6
21. Re3 Bg5 22. Rh3 Qf6 23. Qf3 Qf4 24. g3 Qxf3 25. Bxf3 a5 26. Be2 b4 27. a4
Rc8 28. Bb5 Re7 29. Bc6 Kg7 1/2-1/2

[Event "Tournoi francophone 009 Groupe C"]
[Site "Skype"]
[Date "????.??.??"]
[Round "9.2"]
[White "Khabou, Taha"]
[Black "Couto, Januario"]
[Result "0-1"]
[WhiteElo "1344"]
[BlackElo "1441"]
[PlyCount "70"]

1. e4 d5 2. exd5 Qxd5 3. Nc3 Qd6 4. Nf3 a6 5. Bc4 Nf6 6. O-O c5 7. d4 b5 8. Bb3
c4 9. Ne5 cxb3 10. axb3 Bb7 11. Bf4 Qd8 12. Re1 Nbd7 13. g4 Nd5 14. g5 Nxf4 15.
Nxf7 Kxf7 16. d5 Nh3+ 17. Kf1 Nxf2 18. Qf3+ Ke8 19. Qxf2 Qb6 20. Qxb6 Nxb6 21.
d6 Rd8 22. Ne4 Bxe4 23. dxe7 Bxe7 24. Rxe4 Rf8+ 25. Kg2 Nd5 26. Rxa6 Kf7 27.
Ra7 Ke8 28. c4 Nf4+ 29. Kg3 Rd3+ 30. Kg4 Ng2 31. Raxe7+ Kd8 32. c5 Rxb3 33. c6
Kc8 34. Rd4 Ne3+ 35. Kh4 Nf5+ 0-1

[Event "Tournoi francophone 009 Groupe C"]
[Site "Skype"]
[Date "????.??.??"]
[Round "9.3"]
[White "Maccaferri, Massimo"]
[Black "Pouteau, Pascal"]
[Result "0-1"]
[WhiteElo "1248"]
[BlackElo "1470"]
[PlyCount "56"]

1. e4 e5 2. Bc4 Bc5 3. Nc3 Nf6 4. Nd5 O-O 5. d3 c6 6. Nc3 d5 7. exd5 cxd5 8.
Bb3 Ng4 9. Nh3 Re8 10. Nxd5 e4 11. O-O e3 12. fxe3 Nxe3 13. Bxe3 Bxe3+ 14. Nxe3
Rxe3 15. Bxf7+ Kh8 16. Qh5 Bxh3 17. Bg6 h6 18. gxh3 Nd7 19. Rae1 Rxe1 20. Rxe1
Qb6+ 21. Kh1 Nf6 22. Qe5 Qc6+ 23. Kg1 Rf8 24. Be4 Nxe4 25. Rxe4 Qxc2 26. Re2
Qxd3 27. Qe7 Qg6+ 28. Rg2 Qb1+ 0-1

[Event "Tournoi francophone 009 Groupe C"]
[Site "Skype"]
[Date "????.??.??"]
[Round "9.4"]
[White "Guillaume, Mickael"]
[Black "Hargez, Dany"]
[Result "1-0"]
[WhiteElo "1366"]
[BlackElo "1277"]
[PlyCount "63"]

1. e4 e5 2. Nf3 d6 3. Nc3 Bg4 4. Be2 Nc6 5. O-O Nd4 6. Nxd4 exd4 7. Bxg4 dxc3
8. bxc3 Nf6 9. d3 d5 10. e5 h5 11. exf6 Qxf6 12. Re1+ Be7 13. Bxh5 g6 14. Ba3
O-O-O 15. Bxe7 Qf4 16. Bg4+ f5 17. g3 Qh6 18. Bxd8 Qxh2+ 19. Kf1 Qh1+ 20. Ke2
Re8+ 21. Kd2 Rxe1 22. Qxe1 Qxe1+ 23. Rxe1 Kxd8 24. Bf3 c6 25. Re6 g5 26. Bg2
Kd7 27. Re5 g4 28. Rxf5 Ke6 29. Rf8 Kd6 30. Rg8 c5 31. Rxg4 b5 32. Rg6+ 1-0